[Event "III Open"]
[Site "Bajada de la Virgen ESP"]
[Date "2005.06.17"]
[Round "7"]
[White "Toth,Al"]
[Black "Ortells Perez,V"]
[Result "1-0"]
[WhiteElo "2251"]
[BlackElo "2119"]

1.e4 c5 2.Nf3 Nc6 3.Bb5 e5 4.Bxc6 dxc6 5.d3 Qd6 6.Be3 Nf6 7.Nbd2 b5 8.h3 h6
9.Qe2 Be6 10.O-O g5 11.Nh2 Rg8 12.g4 h5 13.f3 Be7 14.a3 Nd7 15.Rfb1 a5 16.Nhf1 Rh8
17.Ng3 h4 18.Nf5 Bxf5 19.exf5 f6 20.Ne4 Qc7 21.Qf2 Qa7 22.a4 Qb6 23.axb5 cxb5
24.b4 Kf7 25.bxa5 Qc6 26.c3 Ra6 27.Qa2+ c4 28.dxc4 bxc4 29.Rd1 Nb6  1-0

[Event "Open"]
[Site "Mielo POL"]
[Date "2005.06.17"]
[Round "8"]
[White "Korosciel,A"]
[Black "Tokarski,L"]
[Result "1-0"]
[WhiteElo "2074"]
[BlackElo "2067"]

1.e4 c5 2.Nf3 Nc6 3.Bb5 d6 4.O-O Bd7 5.Re1 a6 6.Bf1 Bg4 7.c3 Nf6 8.d4 cxd4
9.cxd4 g6 10.h3 Bxf3 11.gxf3 Bg7 12.d5 Nb8 13.Qb3 Qc7 14.Be3 Nbd7 15.Rc1 Qb6
16.a4 O-O 17.Nd2 Rfc8 18.Nc4 Qc7 19.Nb6 Nxb6 20.Qxb6 Qd7 21.h4 Qe8 22.Bh3 Rd8
23.Qxb7 Rdb8 24.Qc6 Rxb2 25.Rab1 Rbb8 26.Rxb8 Rxb8 27.Qxa6 Ra8 28.Qxa8 Qxa8
29.Rc8+ Qxc8 30.Bxc8 Ne8 31.a5 Nc7 32.Bb7  1-0

[Event "Open"]
[Site "Voronezh RUS"]
[Date "2005.06.17"]
[Round "5"]
[White "Yandemirov,V"]
[Black "Golovin,Leo"]
[Result "1-0"]
[WhiteElo "2503"]
[BlackElo "2403"]

1.e4 c5 2.Nf3 Nc6 3.Bb5 Qb6 4.Nc3 e6 5.Bxc6 Qxc6 6.O-O d6 7.d4 cxd4 8.Nxd4 Qc7
9.Ndb5 Qb8 10.a4 a6 11.Na3 b5 12.axb5 axb5 13.Ncxb5 Ba6 14.Bf4 e5 15.Qd5 exf4
16.Qxa8 Qxa8 17.Nc7+ Kd7 18.Nxa8 Bxf1 19.Kxf1 Nf6 20.Nc4 Nxe4 21.Ra7+ Kc6
22.Rc7+ Kd5 23.Rc8 g5 24.Nab6+ Ke6 25.Re8+ Kf5 26.f3 Nf6 27.Nxd6+ Kg6 28.Rd8 Rg8
29.c4 Be7 30.Rxg8+ Nxg8 31.Nb7 Nf6 32.Nd5 Bf8 33.Nxf6 Kxf6 34.Ke2 Ke5 35.Kd3 Bb4
36.Nd8 Bc5  1-0

[Event "19th Open Pula"]
[Site "Pula CRO"]
[Date "2005.06.19"]
[Round "1"]
[White "Lulic,I"]
[Black "Stanojoski,Z"]
[Result "0-1"]
[WhiteElo "2046"]
[BlackElo "2450"]

1.e4 c5 2.Nf3 Nc6 3.Bb5 g6 4.Bxc6 bxc6 5.O-O Bg7 6.Re1 d6 7.c3 Nf6 8.d4 cxd4
9.cxd4 O-O 10.Nc3 Rb8 11.h3 Nd7 12.Qc2 c5 13.Be3 Bb7 14.Rad1 Qa5 15.Qd2 Rfe8
16.Bh6 Bh8 17.b3 cxd4 18.Nxd4 Rbc8 19.Nd5 Qxd2 20.Rxd2 Nf6 21.Nb5 Nxd5 22.exd5 a6
23.Nd4 Bxd5 24.Red1 Bb7 25.b4 Rc4 26.b5 axb5 27.Nxb5 Bg7 28.Be3 Rec8 29.Nd4 Rc1
30.Nb3 Rxd1+ 31.Rxd1 Ra8 32.Rd2 Be4 33.Bg5 f6 34.Bf4 Kf7 35.Nc1 f5 36.Re2 Ra4
37.f3 Bxf3 38.gxf3 Rxf4 39.Kg2 Rc4 40.Nd3 g5 41.Nf2 Bd4 42.Rd2 Bxf2 43.Kxf2 Ra4
44.Kg3 h5 45.Rc2 h4+ 46.Kf2 d5 47.Rd2 Ke6 48.Re2+ Kd6  0-1

[Event "Open"]
[Site "Voronezh RUS"]
[Date "2005.06.19"]
[Round "7"]
[White "Yandemirov,V"]
[Black "Lastin,A"]
[Result "1/2-1/2"]
[WhiteElo "2503"]
[BlackElo "2590"]

1.e4 c5 2.Nf3 Nc6 3.Bb5 d6 4.d4 cxd4 5.Qxd4 Bd7 6.Bxc6 Bxc6 7.Nc3 Nf6 8.Bg5 e6
9.O-O-O Be7 10.Rhe1 O-O 11.Qd2 h6 12.Bf4 e5 13.Bg3 Rc8 14.Bh4 Nxe4 15.Nxe4 Bxh4
16.Qxd6 Bxe4  1/2-1/2

[Event "6th EICC"]
[Site "Warsaw POL"]
[Date "2005.06.19"]
[Round "2"]
[White "Guadalpi,D"]
[Black "Rutkowski,M"]
[Result "1-0"]
[WhiteElo "2317"]
[BlackElo "2346"]

1.e4 c5 2.Nf3 Nc6 3.Bb5 g6 4.O-O Bg7 5.c3 e5 6.d4 exd4 7.Bf4 d5 8.exd5 Qxd5
9.cxd4 cxd4 10.Nc3 Qd8 11.Ne4 Be6 12.Re1 Ne7 13.Nd6+ Kf8 14.Rc1 h6 15.Qe2 Qb6
16.Nd2 a6 17.N2c4 Qa7 18.Bxc6 Nxc6 19.Qf3 Kg8 20.h4 Kh7 21.h5 Bxc4 22.Rxc4 Rhf8
23.Qh3 Qb6 24.Re4 Qa5 25.hxg6+ fxg6 26.Bxh6 Qh5 27.Rh4 Qd5 28.Bxg7+ Kxg7
29.Qd7+ Rf7 30.Ne8+  1-0

[Event "White Nights"]
[Site "St Petersburg RUS"]
[Date "2005.06.20"]
[Round "3"]
[White "Ezov,R"]
[Black "Bazhenova,D"]
[Result "1/2-1/2"]
[WhiteElo "2179"]
[BlackElo "1890"]

1.e4 c5 2.Nf3 Nc6 3.Bb5 a6 4.Bxc6 dxc6 5.O-O Bg4 6.d3 Qc7 7.Be3 e5 8.Nbd2 Nf6
9.h3 Be6 10.Ng5 Qd7 11.Nxe6 Qxe6 12.f4 exf4 13.Bxf4 Be7 14.Nc4 b5 15.Ne3 O-O
16.Nf5 c4 17.Nxe7+ Qxe7 18.Kh1 h6 19.Qf3 cxd3 20.cxd3 Rad8 21.Bxh6 gxh6 22.Qxf6 Qxf6
23.Rxf6 Rxd3 24.Rxc6 Re8 25.Re1 Re6 26.Rxe6 fxe6 27.Re2 Kf7 28.e5 Rd5 29.g4 Kg6
30.h4 h5 31.g5 Rd4 32.Rh2 Kf5 33.Kg2 Rd2+ 34.Kg3 Rd3+ 35.Kg2 Rd2+ 36.Kg3 Rd3+
37.Kf2 Rd2+  1/2-1/2

[Event "Torch Real Estate Cup"]
[Site "Xiapu CHN"]
[Date "2005.06.21"]
[Round "14"]
[White "Wu Kaiyu"]
[Black "Yu Lie"]
[Result "1-0"]
[WhiteElo "2294"]
[BlackElo "2328"]

1.e4 c5 2.Nf3 Nc6 3.Bb5 g6 4.O-O Bg7 5.c3 e5 6.d4 exd4 7.cxd4 cxd4 8.Bf4 Nge7
9.Bd6 Qb6 10.Na3 Nd8 11.Bb4 Kf8 12.Rc1 d6 13.Nd2 Be6 14.Qa4 a6 15.Ndc4 Qa7
16.Bxd6 axb5 17.Bxe7+ Kxe7 18.Qb4+ Kf6 19.e5+ Kg5 20.Nxb5 Qb8 21.Qd2+ Kh5
22.f3 g5 23.g4+ Kg6 24.Qd3+ Kh6 25.f4 Bf8 26.Ncd6 Be7 27.f5 Bd7 28.f6 Bxg4
29.fxe7 Ne6 30.Rf6+ Kg7 31.e8=Q Rxe8 32.Rxf7+  1-0

[Event "IV Summer"]
[Site "Alushta UKR"]
[Date "2005.06.22"]
[Round "6"]
[White "Zolotukhin,V"]
[Black "Kartsev,Se"]
[Result "1/2-1/2"]
[WhiteElo "2242"]
[BlackElo "1994"]

1.e4 c5 2.Nf3 Nc6 3.Bb5 g6 4.Bxc6 dxc6 5.d3 Bg7 6.h3 Nf6 7.Nc3 O-O 8.Be3 Nd7
9.Qd2 e5 10.Bh6 f6 11.O-O-O Rf7 12.Bxg7 Kxg7 13.Nh2 Nf8 14.Ne2 Ne6 15.f4 exf4
16.Nxf4 Qd6 17.Rdf1 Nxf4 18.Rxf4 Be6 19.Ng4 Bxg4 20.hxg4 Rd8 21.g5 Rdd7 22.Qf2 fxg5
23.Rxf7+ Rxf7 24.Rxh7+ Kxh7 25.Qxf7+ Kh6 26.Qf3 a5 27.Qe3 Qe5 28.g3 a4 29.c3 a3
30.d4 cxd4 31.Qxd4 axb2+ 32.Kb1 Qe8 33.e5 Qe6 34.Kxb2 Kg7 35.Qd6 Kf7 36.Qc7+ Qe7
37.Qxe7+ Kxe7 38.Kb3 Ke6 39.Kc4 Kxe5 40.Kc5 Ke4 41.Kb6 Kf3 42.a4 Kxg3 43.a5 Kh2
44.Kxb7 g4 45.a6 g3 46.a7 g2 47.a8=Q g1=Q  1/2-1/2

[Event "White Nights"]
[Site "St Petersburg RUS"]
[Date "2005.06.22"]
[Round "5"]
[White "Busygina,A"]
[Black "Bazhenova,D"]
[Result "1-0"]
[WhiteElo "2080"]
[BlackElo "1890"]

1.e4 c5 2.Nf3 Nc6 3.Bb5 a6 4.Bxc6 dxc6 5.h3 Qc7 6.d3 e5 7.O-O Nf6 8.Be3 Be7
9.Nc3 O-O 10.Re1 b5 11.Qc1 Rd8 12.Nh2 Be6 13.f4 exf4 14.Bxf4 Qc8 15.Qe3 Qd7
16.Nf3 Nh5 17.Bh2 Nf6 18.Kh1 Qe8 19.Ne2 Nd7 20.Nf4 Nf8 21.g4 Ng6 22.Nxe6 fxe6
23.Bg3 Qd7 24.Kg2 Rf8 25.h4 Rxf3 26.Qxf3 Rf8 27.Qe3 Nxh4+ 28.Bxh4 Bxh4 29.Rf1 Rxf1
30.Rxf1 Qe7 31.Qf4 h6 32.c3 e5 33.Qf5 Qg5 34.Qxg5 Bxg5 35.a4 b4 36.cxb4 cxb4
37.b3 c5 38.Rf5 Bf6 39.Kf3 Kf7 40.Ke2 Ke6 41.d4 cxd4 42.Kd3 a5 43.Kc4 Be7
44.Kb5 Kd6 45.Rf3 Bg5 46.Rd3 Bd8 47.Rd1 Bc7 48.Rc1 Kd7 49.Rc5 g6 50.Rd5+ Ke6
51.Kc6 h5 52.g5 h4 53.Kxc7 h3 54.Rd8  1-0

[Event "White Nights"]
[Site "St Petersburg RUS"]
[Date "2005.06.22"]
[Round "5"]
[White "Ezov,R"]
[Black "Golovchenko,G"]
[Result "0-1"]
[WhiteElo "2179"]
[BlackElo "2293"]

1.e4 c5 2.Nf3 Nc6 3.Bb5 g6 4.O-O Bg7 5.Nc3 d6 6.Bxc6+ bxc6 7.Re1 Nh6 8.d3 O-O
9.h3 e5 10.Nh2 f5 11.exf5 Nxf5 12.Ne4 Kh8 13.c3 Be6 14.f4 c4 15.fxe5 Qb6+
16.d4 dxe5 17.Nf2 Bd5 18.dxe5 Nh4 19.Qd4 Nxg2 20.Re2 Rae8 21.a4 Qc7 22.Nfg4 h5
23.Rxg2 Bxg2 24.Nf6 Rd8 25.Qf4 Bxh3 26.Be3 Bxf6 27.Qh6+ Kg8 28.exf6 Qg3+  0-1

[Event "White Nights"]
[Site "St Petersburg RUS"]
[Date "2005.06.22"]
[Round "5"]
[White "Anisimov,P"]
[Black "Martynenko,A"]
[Result "1-0"]
[WhiteElo "2476"]
[BlackElo "2385"]

1.e4 c5 2.Nf3 Nc6 3.Bb5 g6 4.O-O Bg7 5.c3 Nf6 6.Qa4 O-O 7.d4 cxd4 8.cxd4 d5
9.e5 Ne4 10.Bxc6 bxc6 11.Qxc6 Bg4 12.h3 Rc8 13.Qa4 Bxf3 14.gxf3 e6 15.Be3 Ng5
16.Kg2 f6 17.Bxg5 fxg5 18.Qa6 Qe7 19.Qd3 Qb4 20.Nc3 Qxb2 21.Nb5 a6 22.Rfb1 Qc2
23.Qxc2 Rxc2 24.Nd6 Rc3 25.Rb3 Rfxf3 26.Rxc3 Rxc3 27.Rb1 Rd3 28.Rb4 Bf8 29.Ra4 Bxd6
30.exd6 Kf7 31.Rxa6 Ke8 32.Ra7 Rxd4 33.a4 g4 34.hxg4 Rxg4+ 35.Kf3 Rc4 36.a5 Rc3+
37.Kf4 Rc4+ 38.Ke3 Rc3+ 39.Kd4 Rc4+ 40.Kd3 Rc6 41.a6 Rxd6 42.Ra8+ Kf7 43.a7 Ra6
44.Rh8 Kf6 45.a8=Q Rxa8 46.Rxa8 Kf5 47.Kd4 h5 48.Rf8+ Kg4 49.Ke5 h4 50.Kxe6 d4
51.Ke5 d3 52.Ke4 d2 53.Rd8 h3 54.Rxd2 h2 55.Rd1 g5 56.Rh1  1-0

[Event "zt 4.1"]
[Site "Taza MAR"]
[Date "2005.06.22"]
[Round "2"]
[White "Belkhodja,S"]
[Black "Ali,Se"]
[Result "1-0"]
[WhiteElo "2471"]
[BlackElo "2276"]

1.e4 c5 2.Nf3 Nc6 3.Bb5 g6 4.Bxc6 dxc6 5.d3 Bg7 6.Nc3 Nf6 7.h3 Nd7 8.Be3 e5
9.Qd2 Qe7 10.O-O Nf8 11.a3 Ne6 12.b4 Nd4 13.Nh2 cxb4 14.axb4 Qxb4 15.Kh1 Be6
16.Rfb1 Qe7 17.Ne2 O-O 18.Nxd4 exd4 19.Bg5 f6 20.Bh4 Qd7 21.f4 b6 22.g4 Kh8
23.f5 Bf7 24.Nf3 gxf5 25.gxf5 Bh5 26.Nh2 Qf7 27.Ra6 Rg8 28.Rba1 Bf8 29.Rxb6 Qc7
30.Bxf6+ Bg7 31.Bxg7+ Rxg7 32.Rbb1 Qg3 33.Rg1 Qxh3 34.Rxg7 Kxg7 35.Rg1+ Kf7
36.Qf4  1-0

[Event "6th Kurass Memorial"]
[Site "Kiev UKR"]
[Date "2005.06.23"]
[Round "3"]
[White "Nazarevich,V"]
[Black "Baryshpolets,A"]
[Result "1/2-1/2"]
[WhiteElo "2346"]
[BlackElo "2158"]

1.e4 c5 2.Nf3 Nc6 3.Bb5 g6 4.Bxc6 dxc6 5.h3 Bg7 6.d3 Nf6 7.Nc3 Nd7 8.Bg5 Nf8
9.Qd2 h6 10.Be3 Ne6 11.Nh2 Nd4 12.f4 e5 13.O-O-O exf4 14.Bxf4 Be6 15.Rdf1 Qa5
16.Ng4 Bxa2 17.Bxh6 Bxh6 18.Nxh6 O-O-O 19.Nxf7 Bb3 20.Nxd8 Rxd8 21.Qg5 Qa1+
22.Nb1 Bxc2 23.Qg4+ Kb8 24.Qg5 Kc8 25.Qg4+ Kb8 26.Qg5 Kc8 27.Qg4+  1/2-1/2

[Event "White Nights"]
[Site "St Petersburg RUS"]
[Date "2005.06.23"]
[Round "6"]
[White "Frolochkin,V"]
[Black "Poleshchuk,A"]
[Result "1-0"]
[WhiteElo "2208"]
[BlackElo "2041"]

1.e4 c5 2.Nf3 Nc6 3.Bb5 g6 4.Bxc6 dxc6 5.h3 Bg7 6.d3 e5 7.Nc3 Ne7 8.O-O O-O
9.Bg5 f6 10.Be3 b6 11.a3 h6 12.Nd2 f5 13.f4 exf4 14.Bxf4 g5 15.Be3 f4 16.Bf2 Ng6
17.Qh5 Ne5 18.Nf3 Qd6 19.Rab1 Bd7 20.Nxe5 Bxe5 21.Ne2 Be8 22.Qf3 h5 23.c3 Qg6
24.d4 g4 25.hxg4 hxg4 26.Qd3 Bc7 27.dxc5 Qh6 28.e5 Bxe5 29.Qe4 Bc7 30.g3 Bd7
31.Nxf4 Bxf4 32.gxf4 Bf5 33.Qc4+ Be6 34.Qe2 Rae8 35.Bg3 Bf5 36.Qc4+ Kg7 37.Rbe1 b5
38.Qd4+ Qf6 39.Re5 Rxe5 40.fxe5 Qe6 41.Bh4  1-0

[Event "III Summer"]
[Site "Alushta UKR"]
[Date "2005.06.24"]
[Round "8"]
[White "Kovalev,An"]
[Black "Annaberdiev,Bab"]
[Result "1-0"]
[WhiteElo "2567"]
[BlackElo "2285"]

1.e4 c5 2.Nf3 Nc6 3.Bb5 g6 4.O-O Bg7 5.c3 Nf6 6.Re1 O-O 7.h3 d6 8.d4 Qb6
9.Bf1 cxd4 10.cxd4 d5 11.e5 Ne4 12.Nc3 Be6 13.Bd3 Nxc3 14.bxc3 Na5 15.Ng5 Rac8
16.Rb1 Qc7 17.Ba3 Qd7 18.Bb5 Nc6 19.Nxe6 Qxe6 20.Be2 Qd7 21.Bg4 e6 22.Bxf8 Bxf8
23.Qa4 b6 24.Qb5 Qc7 25.c4 Ne7 26.cxd5 Nxd5 27.Qb3 Bh6 28.Bf3 Rd8 29.Rb2 Qe7
30.Rc2 Nf4 31.Rd1 Qg5 32.Kf1 Qe7 33.g3 Nd5 34.Bxd5 Rxd5 35.Rc8+ Kg7 36.Qf3 Ra5
37.Qa8 Bg5 38.h4 Bxh4 39.Rg8+ Kh6 40.Qh1  1-0

[Event "Torch Real Estate Cup"]
[Site "Xiapu CHN"]
[Date "2005.06.24"]
[Round "17"]
[White "Yu Shaoteng"]
[Black "Li Haoyu"]
[Result "1-0"]
[WhiteElo "2506"]
[BlackElo "2280"]

1.e4 c5 2.Nf3 Nc6 3.Bb5 g6 4.O-O Bg7 5.d3 e5 6.Bxc6 dxc6 7.Nbd2 Qe7 8.Nc4 Bg4
9.a3 Bxf3 10.Qxf3 Nf6 11.Bd2 O-O 12.b4 cxb4 13.Bxb4 c5 14.Bc3 Nd7 15.a4 b6
16.Rfb1 Rab8 17.Rb3 Qe6 18.Rab1 Qc6 19.Qd1 Rfd8 20.Qc1 Qxa4 21.Ra3 Qc6 22.Rxa7 b5
23.Ne3 b4 24.Nd5 Re8 25.Bd2 Nb6 26.Ra6 Re6 27.c3 Qb5 28.Nc7 Qxd3 29.Nxe6 Qxa6
30.Nxc5 Qe2 31.cxb4 Rd8 32.Bc3 Bh6 33.Qf1 Qc2 34.Qe1 Nc4 35.Ra1 Bf4 36.g3 Bh6
37.Kg2 Ne3+ 38.Kf3 Nc4 39.Kg2 Be3 40.Kg1 Bd4 41.Bxd4 exd4 42.e5 Qf5 43.e6 d3
44.e7 Re8 45.Qc3 Ne5 46.f4 Nf3+ 47.Kg2 Nxh2 48.Qxd3 Ng4  1-0

[Event "19th Open Pula"]
[Site "Pula CRO"]
[Date "2005.06.25"]
[Round "8"]
[White "Predojevic,B"]
[Black "Jankovic,A"]
[Result "1/2-1/2"]
[WhiteElo "2549"]
[BlackElo "2480"]

1.e4 c5 2.Nf3 Nc6 3.Bb5 d6 4.O-O Bd7 5.Re1 Nf6 6.h3 g6 7.c3 Ne5 8.Bxd7+ Nfxd7
9.Nxe5 dxe5 10.d3 Bg7 11.Be3 O-O 12.Nd2 Qc7 13.Qb3 Rfd8 14.Rad1 a6 15.a4 Rab8
16.Qa3 b5 17.axb5 axb5 18.Ra1 e6 19.c4 Bf8 20.cxb5 Rxb5 21.Qc3 Nb8 22.Ra8 Nc6
23.Rxd8 Qxd8 24.Nc4 f6 25.Na3 Ra5 26.Qb3 Qd7 27.Nc4 Ra6 28.Nb6 Qe8 29.Na4 Nd4
30.Bxd4 Qxa4 31.Qxa4 Rxa4 32.Bc3 c4 33.dxc4 Rxc4 34.f3 Bb4 35.Bxb4 Rxb4 36.Re2 f5
37.Kf2 Kf7 38.Ke1 fxe4 39.fxe4 Rb3 40.Kd1 Rg3 41.Ke1 h5 42.Kf1 Ke7 43.Kf2 Rb3
44.h4  1/2-1/2

[Event "2nd RUS Pupils Summer Boys"]
[Site "Satka RUS"]
[Date "2005.06.27"]
[Round "1"]
[White "Chadaev,N"]
[Black "Mozharov,M"]
[Result "1/2-1/2"]
[WhiteElo "2434"]
[BlackElo "2272"]

1.e4 c5 2.Nf3 Nc6 3.Bb5 g6 4.O-O Bg7 5.Bxc6 dxc6 6.d3 Nf6 7.Nc3 Bg4 8.h3 Bxf3
9.Qxf3 Nd7 10.Qe2 Nf8 11.Be3 Ne6 12.Qd2 Qd7 13.Bh6 Bxh6 14.Qxh6 O-O-O 15.Qe3 Nd4
16.Rac1 e5 17.Ne2 Rhe8 18.f4 exf4 19.Nxf4 f5 20.c3 Ne6 21.Nxe6 Qxe6 22.Qxc5 fxe4
23.dxe4 Kb8 24.Qf2 Qxe4 25.Rce1 Qc4 26.a3 Qd5 27.Qf4+ Kc8 28.Qg4+ Kc7 29.Qf4+ Kc8
30.Qg4+ Kc7  1/2-1/2

[Event "2nd RUS Pupils Summer Boys"]
[Site "Satka RUS"]
[Date "2005.06.27"]
[Round "1"]
[White "Filatov,D"]
[Black "Piskunov,Y"]
[Result "1/2-1/2"]
[WhiteElo "2294"]
[BlackElo "2172"]

1.e4 c5 2.Nf3 Nc6 3.Bb5 g6 4.O-O Bg7 5.Re1 Nf6 6.c3 O-O 7.d4 d5 8.e5 Ne4
9.Nbd2 cxd4 10.cxd4 Nxd2 11.Bxd2 Qb6 12.Bxc6 bxc6 13.Bc3 Bg4 14.h3 Bxf3 15.Qxf3 e6
16.h4 h5 17.g4 f6 18.exf6 Rxf6 19.Qg3 hxg4 20.Qxg4 Kf7 21.Re3 Qc7 22.Rae1 Re8
23.Rf3 Rxf3 24.Qxf3+ Kg8 25.Qg4 Qf7 26.Kg2  1/2-1/2

[Event "2nd RUS Pupils Summer Boys"]
[Site "Satka RUS"]
[Date "2005.06.28"]
[Round "2"]
[White "Lanin,A"]
[Black "Chernobay,A"]
[Result "1/2-1/2"]
[WhiteElo "2407"]
[BlackElo "2270"]

1.e4 c5 2.Nf3 Nc6 3.Bb5 g6 4.O-O Bg7 5.c3 Nf6 6.Qa4 O-O 7.d4 cxd4 8.cxd4 a6
9.d5 Na5 10.Bd3 b5 11.Qd1 d6 12.Be3 Bg4 13.Nbd2 Nd7 14.Rb1 Ne5 15.Be2 Bxf3
16.Nxf3 Nxf3+ 17.Bxf3 Nc4 18.Bd4 Bxd4 19.Qxd4 Qa5 20.Ra1 Qd2 21.Qxd2 Nxd2
22.Rfc1 Nxf3+ 23.gxf3 Rfc8 24.Kf1 Kf8 25.Ke2 Ke8 26.Kd3 Kd7 27.Rxc8 Rxc8
28.a4 Rb8 29.b4 bxa4 30.Rxa4 Kc7 31.Rxa6 Rxb4 32.Ra7+ Rb7 33.Ra8 Rb3+ 34.Ke2 Rb8
35.Ra1 Rb3 36.Ra2 h5 37.Ra7+ Rb7 38.Ra8 Rb8 39.Ra7+ Rb7  1/2-1/2

[Event "33rd World Open"]
[Site "Philadelphia USA"]
[Date "2005.06.29"]
[Round "2"]
[White "Perelshteyn,E"]
[Black "Frankle,J"]
[Result "1-0"]
[WhiteElo "2507"]
[BlackElo "2241"]

1.e4 c5 2.Nf3 Nc6 3.Bb5 a6 4.Bxc6 bxc6 5.O-O d6 6.e5 g6 7.Re1 Bg7 8.Nc3 f5
9.d3 Nh6 10.Bf4 O-O 11.Qd2 Ng4 12.h3 dxe5 13.Nxe5 Nxe5 14.Bxe5 Rf6 15.Qf4 Bf8
16.Na4 g5 17.Qxg5+ Rg6 18.Qf4 Bh6 19.Qf3 Qa5 20.b3 Be6 21.Qxc6 Rc8 22.Qf3 Qd2
23.Bc3 Qg5 24.Rxe6  1-0

[Event "2nd RUS Pupils Summer Boys"]
[Site "Satka RUS"]
[Date "2005.06.29"]
[Round "3"]
[White "Moskalenko,A"]
[Black "Piskunov,Y"]
[Result "1-0"]
[WhiteElo "2355"]
[BlackElo "2172"]

1.e4 c5 2.Nf3 Nc6 3.Bb5 g6 4.O-O Bg7 5.Nc3 Nf6 6.e5 Ng4 7.Bxc6 dxc6 8.Re1 Be6
9.d3 Qd7 10.Bf4 Bd5 11.h3 Qf5 12.Nxd5 cxd5 13.Qd2 g5 14.Bxg5 Nxe5 15.Nxe5 Bxe5
16.Bxe7 Kxe7 17.d4 cxd4 18.f4 f6 19.fxe5 fxe5 20.Qxd4 e4 21.Rf1 Qg5 22.h4 Qg4
23.Qe5+  1-0

[Event "33rd World Open"]
[Site "Philadelphia USA"]
[Date "2005.06.30"]
[Round "3"]
[White "Chubinsky,P"]
[Black "Reichstein,B"]
[Result "1-0"]
[WhiteElo "2183"]
[BlackElo "2176"]

1.e4 c5 2.Nf3 Nc6 3.Bb5 Na5 4.d4 a6 5.Be2 cxd4 6.O-O d6 7.Nxd4 Nf6 8.Nc3 Bd7
9.Kh1 e6 10.f4 Nc6 11.Be3 Be7 12.Bf3 O-O 13.Qe1 Qc7 14.Qg3 Rac8 15.Rae1 Rfe8
16.e5 dxe5 17.fxe5 Nd5 18.Nxd5 exd5 19.Bxd5 Nd8 20.Qf3 Rf8 21.Qh5 g6 22.Qf3 Qxe5
23.Bh6 Qxd4 24.Rxe7 Bg4 25.Qb3 Be6 26.Bxe6 Nxe6 27.Bxf8 Rxf8  1-0

[Event "Skanska"]
[Site "Brno CZE"]
[Date "2005.07.01"]
[Round "2"]
[White "Laznicka,V"]
[Black "Stehno,P"]
[Result "1-0"]
[WhiteElo "2480"]
[BlackElo "2366"]

1.e4 c5 2.Nf3 Nc6 3.Bb5 d6 4.O-O Bd7 5.Re1 Nf6 6.h3 a6 7.Bf1 e5 8.c3 Be7
9.d4 Qc7 10.d5 Nd8 11.b4 b6 12.bxc5 Qxc5 13.Qb3 Qc7 14.Be3 b5 15.Nbd2 Nb7
16.a4 bxa4 17.Qa3 Bd8 18.Nc4 Qb8 19.Qb4 O-O 20.Reb1 Bb5 21.Ncd2 Ba5 22.Qb2 Nc5
23.Bxc5 dxc5 24.Qa3 Rc8 25.Qc1 c4 26.Nxc4 Bd8 27.Ncxe5 Qa7 28.c4 Nxe4 29.Qf4 Nxf2
30.Qxf7+ Qxf7 31.Nxf7 Kxf7 32.cxb5 Bb6 33.bxa6 Be3 34.Rxa4 Kg8 35.Kh2 g5
36.Re1 Rc3 37.d6 Ra7 38.Rxe3  1-0

[Event "2nd RUS Pupils Summer Girls"]
[Site "Satka RUS"]
[Date "2005.07.01"]
[Round "5"]
[White "Kuzevanova,E"]
[Black "Kim,Alek"]
[Result "1/2-1/2"]
[WhiteElo "2124"]
[BlackElo "2128"]

1.e4 c5 2.Nf3 Nc6 3.Bb5 g6 4.O-O Bg7 5.c3 Nf6 6.Re1 O-O 7.d4 cxd4 8.cxd4 d6
9.h3 Bd7 10.Nc3 Rc8 11.Bg5 h6 12.Bh4 a6 13.Bf1 Qb6 14.e5 Nh5 15.Nd5 Qxb2
16.Bxe7 dxe5 17.Bxf8 Rxf8 18.dxe5 Be6 19.Ne3 Nxe5 20.Nxe5 Bxe5 21.Rb1 Qxa2
22.Rxb7 Nf4 23.Qb1 Qd2 24.Rd1 Ne2+ 25.Bxe2 Qxe2 26.Rb6 Qh5 27.Rxa6 Qg5 28.Rxe6 fxe6
29.Qe4 Kh8 30.Ng4 Bg7 31.Qxe6 h5 32.Nh2 Be5 33.Re1 Bxh2+ 34.Kxh2 Qf4+ 35.Kh1 Qxf2  1/2-1/2

[Event "2nd RUS Pupils Summer Girls"]
[Site "Satka RUS"]
[Date "2005.07.01"]
[Round "5"]
[White "Prudnikova,E"]
[Black "Malysheva,P"]
[Result "0-1"]
[WhiteElo "2150"]
[BlackElo "2301"]

1.e4 c5 2.Nf3 Nc6 3.Bb5 g6 4.O-O Bg7 5.Re1 Nf6 6.c3 O-O 7.h3 e5 8.d4 exd4
9.cxd4 Qb6 10.Bxc6 dxc6 11.dxc5 Qxc5 12.Nc3 Be6 13.Be3 Qa5 14.Qc1 Rfe8 15.Qc2 Qh5
16.Ne2 Qa5 17.Bd2 Qa6 18.Bc3 Bc4 19.Nf4 Rad8 20.b3 Bd3 21.Qb2 c5 22.e5 Ne4
23.Rxe4 Bxe4 24.Ng5 Bd5 25.Nxf7 Bxf7 26.e6 Bxc3 27.exf7+ Kxf7 28.Qxc3 Qf6
29.Qc4+ Kg7 30.Rf1 b6 31.Nd5 Qd4 32.Ne3 Qxc4 33.bxc4 Rd2 34.a4 Ra2 35.Rd1 Re7
36.Rd6 Rxa4 37.g4 Ra1+ 38.Kg2 Ra2 39.Kg3 Rf7 40.h4 Raxf2 41.Nf5+ gxf5 42.Kxf2 fxg4+
43.Kg3 h5  0-1

[Event "2nd RUS Pupils Summer Boys"]
[Site "Satka RUS"]
[Date "2005.07.01"]
[Round "5"]
[White "Matlakov,M"]
[Black "Konovalov,N"]
[Result "1-0"]
[WhiteElo "2401"]
[BlackElo "2416"]

1.e4 c5 2.Nf3 Nc6 3.Bb5 g6 4.O-O Bg7 5.c3 Nf6 6.Re1 O-O 7.h3 Qb6 8.Ba4 d6
9.d4 Qc7 10.d5 Ne5 11.Nxe5 dxe5 12.c4 Bd7 13.Nc3 Ne8 14.Be3 b6 15.Bxd7 Qxd7
16.Qd3 Nd6 17.a3 Rfc8 18.Rec1 Rab8 19.Rc2 a6 20.Nb1 e6 21.Rd2 Rd8 22.Nc3 Rbc8
23.Rad1 Qb7 24.Qe2 Bf8 25.dxe6 fxe6 26.Qg4 Qf7 27.Bg5 Be7 28.Qh4 Kf8 29.Qg3 Nb7
30.Rd7  1-0

[Event "2nd RUS Pupils Summer Girls"]
[Site "Satka RUS"]
[Date "2005.07.01"]
[Round "5"]
[White "Drozdova,D"]
[Black "Ivakhinova,I"]
[Result "1-0"]
[WhiteElo "2189"]
[BlackElo "2175"]

1.e4 c5 2.Nf3 Nc6 3.Bb5 g6 4.O-O Bg7 5.Re1 Nf6 6.e5 Nd5 7.b3 O-O 8.Bb2 a6
9.Bxc6 dxc6 10.h3 Bf5 11.d3 Qc7 12.Nbd2 b5 13.Qe2 Rfe8 14.Ne4 Qb6 15.Ba3 b4
16.Bb2 a5 17.a4 Nf4 18.Qe3 Bxe4 19.Qxf4 Bd5 20.Ng5 Rf8 21.Qh4 h6 22.Ne4 Rfe8
23.Qg3 Rad8 24.Kh1 Bxe4 25.Rxe4 Qc7 26.Rae1 Kh7 27.Qf3 Rf8 28.Rf4 Kg8 29.Qe3 Rd5
30.Rc4 Qa7 31.f4 Kh7 32.g4 e6 33.Rf1 Qe7 34.Kg2 Rfd8 35.Re4 Kg8 36.Qg3 Kh7
37.h4 Rg8 38.Kf3 f5 39.exf6 Bxf6 40.Bxf6 Qxf6 41.Rfe1 Re8 42.Re5 Kg7 43.g5 Qf7
44.gxh6+ Kxh6 45.Qg5+ Kg7 46.h5 Re7 47.Qxg6+ Qxg6 48.hxg6 Rd6 49.Rxc5 Kxg6
50.f5+ Kf6 51.Rxe6+ Rdxe6 52.fxe6 Kxe6 53.Rxc6+ Kd5 54.Ra6 Rc7 55.Ke3 Rc5
56.Kd2 Kd4 57.Rd6+ Ke5 58.Rh6 Kf4 59.Rh4+  1-0

[Event "Summer Open"]
[Site "Alushta UKR"]
[Date "2005.07.02"]
[Round "1"]
[White "Kuzmin,Ge"]
[Black "Panov,An"]
[Result "1-0"]
[WhiteElo "2514"]
[BlackElo "2114"]

1.e4 c5 2.Nf3 Nc6 3.Bb5 g6 4.O-O Bg7 5.c3 Nf6 6.Re1 O-O 7.h3 a6 8.Bf1 Qc7
9.e5 Nd5 10.d4 cxd4 11.c4 Nb6 12.Bf4 f6 13.exf6 Qxf4 14.fxg7 Rf5 15.Bd3 Rh5
16.Qb3 Qc7 17.Nbd2 Kxg7 18.Be4 d6 19.Bxc6 bxc6 20.Nxd4 e5 21.c5 Nd5 22.cxd6 Qxd6
23.Ne4 Qd7 24.Nf3 Nf4 25.Ng3 Rh6 26.Rxe5 Bb7 27.Rae1 Nd5 28.Ne4 Rb8 29.Nc5  1-0

[Event "Australian Masters"]
[Site "Melbourne AUS"]
[Date "2005.07.02"]
[Round "4"]
[White "Levi,E"]
[Black "Depasquale,C"]
[Result "1/2-1/2"]
[WhiteElo "2252"]
[BlackElo "2337"]

1.e4 c5 2.Nf3 Nc6 3.Bb5 g6 4.c3 Nf6 5.e5 Nd5 6.O-O Bg7 7.d4 cxd4 8.cxd4 O-O
9.Nc3 Nxc3 10.bxc3 d6 11.Re1 dxe5 12.Bxc6 bxc6 13.Nxe5 Be6 14.Nxc6 Qc7 15.Qf3 Rfc8
16.d5 Bxd5 17.Qxd5 Qxc6 18.Qxc6 Rxc6 19.Rxe7 Bxc3 20.Rb1 Ra6 21.Re2 Kg7  1/2-1/2

[Event "DS"]
[Site "Brno CZE"]
[Date "2005.07.04"]
[Round "5"]
[White "Pisk,P"]
[Black "Ponizil,C"]
[Result "1/2-1/2"]
[WhiteElo "2304"]
[BlackElo "2156"]

1.e4 c5 2.Nf3 Nc6 3.Bb5 g6 4.O-O Bg7 5.Bxc6 bxc6 6.Re1 Nf6 7.c3 O-O 8.Qa4 Qc7
9.h3 d6 10.d4 Nd7 11.Nbd2 cxd4 12.cxd4 c5 13.Nb3 cxd4 14.Nbxd4 Rb8 15.Qc6 Qb6
16.Qxb6 Rxb6 17.Nb3 Ne5 18.Nxe5 Bxe5 19.Be3 Rb7 20.Re2 Be6 21.Nd4 Bc4 22.Rd2  1/2-1/2

[Event "2nd RUS Pupils Summer Girls"]
[Site "Satka RUS"]
[Date "2005.07.04"]
[Round "7"]
[White "Prudnikova,E"]
[Black "Ivakhinova,I"]
[Result "0-1"]
[WhiteElo "2150"]
[BlackElo "2175"]

1.e4 c5 2.Nf3 Nc6 3.Bb5 g6 4.O-O Bg7 5.Bxc6 bxc6 6.d3 d6 7.Qe2 Nh6 8.Nc3 O-O
9.Bg5 Rb8 10.Rab1 f6 11.Bxh6 Bxh6 12.d4 Qa5 13.Qc4+ Kh8 14.Rfd1 Rb4 15.Qe2 Ba6
16.Qe1 Rfb8 17.b3 cxd4 18.Rxd4 Rxd4 19.Nxd4 Qc7 20.Na4 e5 21.Nf3 f5 22.c4 fxe4
23.Qxe4 Bc8 24.Re1 Bf5 25.Qh4 Bg7 26.Qg3 Re8 27.Nh4 Be6 28.Nf3 Bg8 29.h4 d5
30.cxd5 cxd5 31.Ng5 Qc2 32.Qe3 d4 33.Qe2 Rc8 34.Qg4 d3 35.Rd1 Bd5 36.Rxd3 Bg8
37.Rd1 h5 38.Qf3 Rf8 39.Qd3 Qxf2+ 40.Kh1 Qxh4+ 41.Nh3 g5 42.Qd2 g4 43.Qg5 Qxg5
44.Nxg5 Bh6 45.Ne4 Bh7 46.Nac5 Be3 47.g3 Rc8 48.b4 a5 49.a3 axb4 50.axb4 Rb8
51.Rb1 Bxc5  0-1

[Event "ch-BEL"]
[Site "Aalst BEL"]
[Date "2005.07.05"]
[Round "4"]
[White "Vandenbussche,T"]
[Black "Hautot,S"]
[Result "0-1"]
[WhiteElo "2191"]
[BlackElo "2334"]

1.e4 c5 2.Nf3 Nc6 3.Bb5 g6 4.O-O Bg7 5.c3 e5 6.b4 cxb4 7.cxb4 Nge7 8.Bb2 O-O
9.Bxc6 Nxc6 10.b5 Nd4 11.Nxd4 exd4 12.Qa4 Qb6 13.Na3 d5 14.exd5 Rd8 15.Rfe1 Bf5
16.Nc4 Qc5 17.d6 a6 18.Ba3 Qxb5 19.Qb3 Be6 20.Rac1 Bf8 21.Re4 Qd5 22.Qd3 Rac8
23.Rxd4 Qb5 24.h4 Rc6 25.Qf1 Qa4 26.Bb2 Qxa2 27.Rc2 Bg7 28.Qd3 Bf5 29.Qe2 Bxc2
30.Qe7 Rcc8 31.d7 Rb8 32.Rf4 Bf5 33.Rxf5 Qb1+ 34.Kh2 Qxf5 35.Ne5 Qe6 36.Qg5 f6  0-1